000 01410cam a2200145 4500500
005 20251214002753.0
041 _afre
042 _adc
100 1 0 _aBrun, Anne
_eauthor
700 1 0 _aChouvier, Bernard
_eauthor
245 0 0 _aL'archaïque : Création et psychanalyse
260 _bArmand Colin,
_c2013.
520 _aCet ouvrage se propose d’explorer les parts inconscientes originelles du psychisme qui se manifestent au sein du processus de création. L’approche psychanalytique met en lumière la résurgence et la mobilisation des éléments archaïques dans une matière externe, qu’elle soit graphique, picturale ou verbale. Un parcours à travers la littérature (Kubin, Liscano, Lautréamont, Bernhard), les performances de l’art contemporain ou les œuvres plastiques (Tàpies, Miró, Barcelo, Nebreda, Balthus), nous permet de comprendre comment le créateur symbolise les éléments bruts et chaotiques de sa matière première psychique. L’œuvre paradoxalement crée son créateur, comme elle crée aussi son récepteur, au sens où elle met en forme des parties infigurables de soi. L’ensemble de ces études cliniques, par leur richesse et leur diversité, offre un intérêt majeur aussi bien pour les jeunes chercheurs en psychopathologie que pour les praticiens. 
856 4 1 _uhttps://shs.cairn.info/l-archaique--9782200285531?lang=fr&redirect-ssocas=7080
999 _c1567395
_d1567395